| 000 | 00556nam a22001937a 4500 | ||
|---|---|---|---|
| 003 | KOHA_MİRAKIL | ||
| 005 | 20250417155329.0 | ||
| 008 | 250417b tu ||||| |||| 00| 0 tur d | ||
| 020 | _a9786059320382 | ||
| 040 |
_aTR-AnABB _btur _cTR-AnABB |
||
| 041 | _atur | ||
| 082 |
_a813.32 _bAHM 2018 |
||
| 100 | 0 | _aMüftüoğlu, Ahmet Hikmet, | |
| 245 | 1 | 0 |
_aGönül hanım / _cAhmet Hikmet Müftüoğlu |
| 260 |
_aİstanbul : _bTürk Edebiyatı Vakfı, _c2018 |
||
| 300 |
_a119 sayfa ; _c21 cm |
||
| 650 | 0 | 4 | _aTürk edebiyatı, roman |
| 942 |
_2ddc _cBK |
||
| 999 |
_c8756 _d8756 |
||
| 900 | _bGizem YORULMAZ | ||